书目信息 |
| 题名: |
卢森堡
|
|
| 作者: | 彭姝祎 编著 | |
| 分册: | ||
| 出版信息: | 北京 社会科学文献出版社 2005 |
|
| 页数: | 311页 | |
| 开本: | 21cm | |
| 丛书名: | ||
| 单 册: | ||
| 中图分类: | K519 | |
| 科图分类: | ||
| 主题词: | 东欧--历史 , 中欧--历史 , 卢森堡--概况 | |
| 电子资源: | ||
| ISBN: | 7-80190-757-4 | |
| 000 | 01411nam0 2200361 450 | |
| 000 | 01374nam0 2200349 450 | |
| 000 | 01356nam0 2200349 450 | |
| 000 | 01302nam0 2200325 450 | |
| 000 | 01223nam0 2200301 450 | |
| 000 | 01169nam0 2200277 450 | |
| 000 | 01243nam0 2200265 450 | |
| 000 | 01206nam0 2200253 45 | |
| 001 | TS2006039578 | |
| 005 | 20070113084508.67 | |
| 010 | @a7-80190-757-4@dCNY25.00 | |
| 100 | @a20060829d2005 ekmy0chiy0120 ea | |
| 101 | 0 | @achi |
| 102 | @aCN@b110000 | |
| 105 | @aa z 000yy | |
| 200 | 1 | @a卢森堡@ALu Sen Bao@dLuxemourg@f彭姝祎编著@FPeng Shu Yi Bian Zhu@zeng |
| 210 | @a北京@c社会科学文献出版社@d2005 | |
| 215 | @a311页@c照片@d21cm | |
| 330 | @a卢森堡大公国,简称卢森堡,是当今世界上惟一的“大公国”,位于欧洲西部。卢森堡虽是“袖珍小国”,但其经济十分发达,是全球知名的“钢铁王国”和“金融中心”,是全球最富裕的国家之一。卢森堡住着28万本国人和17万外国人,外国移民带来了各自民族的语言和文化传统,他们和谐地生活在一起。积极倡导和坚定地支持欧洲统一事业,首都卢森堡城是许多欧盟机构的所在地。 | |
| 510 | 1 | @aLuxemourg@zeng |
| 606 | 0 | @a东欧@x历史 |
| 606 | 0 | @a中欧@x历史 |
| 606 | 0 | @a卢森堡@x概况 |
| 690 | @aK519@v4 | |
| 701 | 0 | @a彭姝祎@APeng Shu Yi@4编著 |
| 801 | @aCN@b中图数据@c20070113 | |
| 905 | @a10447@dK519@e4 | |
| 卢森堡=Luxemourg/彭姝祎编著.-北京:社会科学文献出版社,2005 |
| 311页:照片;21cm |
| ISBN 7-80190-757-4:CNY25.00 |
| 卢森堡大公国,简称卢森堡,是当今世界上惟一的“大公国”,位于欧洲西部。卢森堡虽是“袖珍小国”,但其经济十分发达,是全球知名的“钢铁王国”和“金融中心”,是全球最富裕的国家之一。卢森堡住着28万本国人和17万外国人,外国移民带来了各自民族的语言和文化传统,他们和谐地生活在一起。积极倡导和坚定地支持欧洲统一事业,首都卢森堡城是许多欧盟机构的所在地。 |
| ● |
| 相关链接 |
|
|
|
|
正题名:卢森堡
索取号:K519/4
 
预约/预借
| 序号 | 登录号 | 条形码 | 馆藏地/架位号 | 状态 | 备注 |
| 1 | 0616680 | 206166806 | 第二样本阅览室/ [索取号:K519/4] | 在馆 | |
| 2 | 0616681 | 206166815 | 第二借阅区/ [索取号:K519/4] | 在馆 | |
| 3 | 0616682 | 206166824 | 第二借阅区/ [索取号:K519/4] | 在馆 | |
| 4 | 0616683 | 206166833 | 第二借阅区/ [索取号:K519/4] | 在馆 | |
| 5 | 0616684 | 206166842 | 第二借阅区/ [索取号:K519/4] | 在馆 | |
| 6 | 0616685 | 206166851 | 第二借阅区/ [索取号:K519/4] | 在馆 | |
| 7 | 0616686 | 206166860 | 第二借阅区/ [索取号:K519/4] | 在馆 | |
| 8 | 0616710 | 206167100 | 第二借阅区/ [索取号:K519/4] | 在馆 | |
| 9 | 0616711 | 206167119 | 第二借阅区/ [索取号:K519/4] | 在馆 | |
| 10 | 0616712 | 206167128 | 第二借阅区/ [索取号:K519/4] | 在馆 |